[Event "10th LCC FIDE Open 2018"]
[Site "London"]
[Date "2018.12.12"]
[Round "4"]
[White "Lyell, Mark"]
[Black "Pollack, Oscar"]
[Result "1/2-1/2"]
[WhiteElo "2317"]
[BlackElo "2150"]
[Annotator "TA"]
[PlyCount "159"]
[EventDate "2018.12.09"]
[EventType "swiss"]
[EventCountry "ENG"]
[SourceTitle "playchess.com"]
[Source "ChessBase"]
[SourceQuality "1"]

{[%evp 15,158,31,51,37,50,13,13,11,125,17,74,62,64,83,67,59,48,47,101,74,126,71,125,-16,-29,-49,121,127,239,123,258,118,131,130,125,131,131,135,133,133,164,185,187,100,95,92,124,124,127,48,48,15,97,97,100,63,78,72,95,102,87,70,70,72,69,77,84,82,116,116,113,67,75,73,40,34,35,37,52,0,0,0,0,0,0,0,0,0,0,0,0,0,0,0,9,0,0,0,0,0,0,0,0,0,0,0,0,0,0,0,0,0,0,0,0,0,0,0,0,0,0,0,0,0,0,0,0,0,0,0,0,0,0,0,0,0,0,0,0,0,0,0,0,0,0]} 1. e4 e6 2. d4 d5 3. e5 c5 4. c3 Nc6 5. Nf3 Bd7 6. Be2 f6 7. O-O cxd4 8. cxd4 Nh6 {LiveBook: 4 Games. C02: French: Advance Variation} (8... fxe5 9. Nxe5 Bd6 10. Nxd7 Qxd7 11. Bh5+ g6 12. Bg4 Nge7 13. Re1 Nf5 14. Bxf5 gxf5 15. Qh5+ Qf7 16. Rxe6+ {1-0 (32) Predojevic,B (2644)-Nikolaidis,I (2529) Chalkida 2009}) 9. Nc3 Nf7 {[%cal Rf6e5]} 10. exf6 Qxf6 11. Be3 g5 $146 (11... Bd6 $11) ({Predecessor:} 11... g6 12. Qd2 Bg7 13. Rac1 Ne7 14. Nb5 O-O 15. Bf4 {0-1 (28) Ichimura G Barbosa,L (1975)-Varga,K (2232) Pune 2014}) 12. Qd2 (12. Nb5 $16) 12... Rg8 (12... Be7 $1 $11) 13. Ne5 Nfxe5 14. dxe5 Qxe5 15. Bh5+ Kd8 {And now ...g4 would win.} 16. Rfe1 $36 {[%mdl 2048] Black is under pressure.} Qf5 ({Better is} 16... d4 $14) 17. h3 $1 $16 Ne5 {[#]} (17... Bd6 $142) 18. Bd4 (18. Nxd5 $142 $1 {[%mdl 512]} Nc4 {[%mdl 64] Zwischenzug} (18... exd5 19. Qxd5) 19. Qc3 Qxd5 20. Rad1 Nxe3 21. Rxe3) 18... Qd3 (18... Nc6 $142) 19. Qxd3 (19. Qd1 $16 Qxd1 20. Raxd1) 19... Nxd3 $11 20. Re3 Nb4 $2 (20... Nf4 $1 $15 21. Bg4 h5) 21. Bf7 $16 {[%mdl 64] Double Attack} Rg7 {[#]} (21... Nc2 $16 {was worth a try.}) 22. Bxe6 (22. Rf3 $1 $18) 22... Nc2 (22... Re7 $16 {was called for.}) 23. Bf6+ (23. Rf3 $18 {and the rest is easy.} Ke7 24. Bxg7 (24. Nxd5+ Kxe6 25. Nc7+ {[%mdl 64] Double Attack} Kd6 $16) 24... Bxg7 25. Bxd5 Bxc3 26. Rf7+ (26. Rxc3 Nxa1 27. Rc1 Rd8 $14) 26... Ke8 27. Rd1 (27. bxc3 Nxa1 28. Rxh7 Rc8 $15)) 23... Re7 24. Bxd7 ({Much worse is} 24. Bxg5 $6 Nxa1 25. Nxd5 Bxe6 $11) 24... Kxd7 25. Bxe7 Bxe7 26. Rxe7+ Kxe7 27. Nxd5+ {[%mdl 4096] Endgame KRN-KRN} Kd6 28. Rd1 {Threatens to win with Nb6+.} Ke5 29. Ne3 (29. Nc7 $18 Rf8 30. Rd5+ Kf6 31. Rd6+ Ke7 32. Rh6) 29... Nxe3 30. fxe3 {KR-KR} h5 31. Rd7 b5 32. Kf2 (32. Rc7 $16) 32... Rc8 $14 33. Ke2 a5 (33... Rc2+ $11 {keeps the balance.} 34. Rd2 Rc4) 34. Kd3 $16 Rc1 35. Re7+ (35. Rb7 {with more complications.} b4 36. Rb5+ Kf6 37. Rxa5 Rb1 38. a4) 35... Kf5 36. Rb7 Rd1+ 37. Ke2 Rd5 38. Kf3 {Hoping for e4+.} g4+ 39. hxg4+ hxg4+ 40. Kg3 Re5 41. Rf7+ Ke6 42. Rf2 Re4 43. Rc2 a4 44. Kf2 Rb4 45. Ke2 Ke5 46. Kd3 Kd5 47. g3 ({White should play} 47. Kc3 $14 Rc4+ 48. Kd3) 47... Ke5 $11 {The position is equal.} 48. Rf2 Kd5 49. Rh2 Ke5 50. Rh5+ Ke6 51. Kc2 Rc4+ 52. Kb1 Rb4 53. Rg5 Kf6 54. Rd5 Ke6 55. Rc5 Kd6 56. Rg5 a3 57. b3 {aiming for Kc2.} Re4 58. Rxb5 Rxe3 59. Kc2 Re2+ 60. Kc3 Rxa2 61. Rg5 Rg2 62. Rxg4 a2 63. Ra4 Rxg3+ 64. Kb2 Rg2+ 65. Ka1 Kc5 66. Rxa2 (66. b4+ {looks sharper.} Kb6 67. Rxa2 Rxa2+ 68. Kxa2 Ka7 69. b5) 66... Rxa2+ 67. Kxa2 {KP-K} Kb4 68. Kb2 Kb5 69. Kc3 Kc5 70. b4+ {[%cal Bb3b4,Bb4b5,Bb5b6,Bb6b7][%mdl 32]} Kb5 71. Kb3 Kb6 72. Kc4 Kc6 73. b5+ Kb6 74. Kb4 Kb7 75. Kc5 Kc7 76. b6+ Kb7 77. Kb5 Kb8 78. Kc6 {Intending b7 and mate.} Kc8 79. b7+ Kb8 80. Kb6 $2 {[%mdl 8192] Accuracy: White = 49%, Black = 58%.} (80. Kc5 Kxb7) 1/2-1/2

[Event "10th LCC FIDE Open 2018"]
[Site "London"]
[Date "2018.12.12"]
[Round "4"]
[White "Van Zyl-Rudd, Jack"]
[Black "Lewtak, Damian"]
[Result "1/2-1/2"]
[WhiteElo "2306"]
[BlackElo "2393"]
[Annotator "TA"]
[PlyCount "55"]
[EventDate "2018.12.09"]
[EventType "swiss"]
[EventCountry "ENG"]
[SourceTitle "playchess.com"]
[Source "ChessBase"]
[SourceQuality "1"]

{[%evp 16,55,121,110,114,114,123,117,118,114,148,141,159,154,185,174,268,270,146,0,0,-79,-53,-34,0,-40,21,110,96,0,0,0,0,0,0,0,0,0,0,0,0,0]} 1. d4 g6 2. e4 Bg7 3. Nc3 c5 4. dxc5 Qa5 5. Bd2 Qxc5 6. Nd5 Na6 7. Nf3 e6 {B06: Modern Defence} 8. Bc3 Bxc3+ (8... Kf8 9. Bxg7+ Kxg7 10. Nc3 Nf6 11. Qd4 Qxd4 12. Nxd4 Nc7 13. e5 Ng4 14. f4 f6 15. Nf3 fxe5 16. fxe5 {1-0 (46) Solodovnichenko,Y (2584)-Guseinov,G (2614) Dubai 2015}) 9. Nxc3 {LiveBook: 18 Games} f5 {White is better.} 10. exf5 gxf5 11. Qd2 $1 Nf6 12. O-O-O Nc7 13. Qh6 $146 ({Predecessor:} 13. Qg5 Qe7 14. Qg3 Qc5 15. Qh4 {1-0 (25) Abergel,T (2498)-Schmitt,A (2302) France 2007}) 13... Rf8 14. Ng5 Qe7 {[#]} 15. Nb5 $1 {[%cal Rb5c7]} Nxb5 (15... Kd8 {was called for.}) 16. Bxb5 $18 a6 (16... e5 $18 17. Rd2 a6) 17. Nxe6 (17. Be2 $16) 17... Qxe6 $11 18. Bd3 (18. Ba4 $11 {remains equal.} Qxa2 19. Rhe1+ Ne4 20. Qh5+ Qf7 21. Qh6) 18... Ne4 (18... Ng4 $5 {[%cal Re6h6]} 19. Qxh7 Kd8 $11) 19. Qxh7 Qxa2 {[%cal Ra2a1]} 20. Bxe4 Qa1+ (20... fxe4 $15 {stays ahead.} 21. Qxe4+ Qe6) 21. Kd2 $16 Qa5+ {[#]} 22. Kc1 (22. b4 $1 $16 {[%cal Rb4a5]} Qxb4+ {[%mdl 64] Double Attack} 23. c3) 22... fxe4 {The position is equal.} 23. Qxe4+ Kd8 {...Qa1+ is the strong threat.} 24. Qh4+ Kc7 25. Qg3+ Kd8 26. Qh4+ Kc7 {White must now prevent ...Qa1+.} 27. Qg3+ Kd8 {Strongly threatening ...Qa1+.} 28. Qh4+ {Accuracy: White = 75%, Black = 44%.} 1/2-1/2

[Event "10th LCC FIDE Open 2018"]
[Site "London"]
[Date "2018.12.12"]
[Round "4"]
[White "Abbas, Daniel"]
[Black "Sedykh, Mikhail"]
[Result "1/2-1/2"]
[WhiteElo "2280"]
[BlackElo "2118"]
[Annotator "TA"]
[PlyCount "155"]
[EventDate "2018.12.09"]
[EventType "swiss"]
[EventCountry "ENG"]
[SourceTitle "playchess.com"]
[Source "ChessBase"]
[SourceQuality "1"]

{[%evp 25,155,20,42,16,58,7,8,9,12,13,17,12,23,13,22,14,9,12,18,0,20,-36,-5,-22,-8,-19,-18,-6,7,7,0,0,45,0,0,0,5,5,8,8,1,8,0,8,9,0,0,0,44,0,0,0,0,0,0,0,42,42,42,42,42,42,42,42,42,42,45,35,68,27,27,27,35,35,35,35,35,35,35,35,35,35,35,45,68,27,27,28,35,35,35,25,68,68,68,68,68,68,68,68,68,68,68,68,68,68,68,68,68,68,68,68,68,68,68,68,68,68,68,68,68,68,68,68,68,68,68,0,68,0,0,0]} 1. e4 c5 2. Nf3 Nc6 3. Bb5 g6 4. Bxc6 dxc6 5. d3 Bg7 6. h3 Nf6 7. Nc3 O-O 8. Be3 b6 9. Qd2 e5 10. Bh6 {B31: Sicilian: 2...Nc6 3 Bb5 g6} Qd6 11. O-O (11. Bxg7 Kxg7 12. a4 Ne8 13. Nh2 Nc7 14. Ng4 f6 15. f3 Ne6 16. h4 Nd4 17. h5 g5 {½-½ (54) Anand,V (2768)-Carlsen,M (2842) Saint Louis 2018}) 11... Nh5 12. Bxg7 Kxg7 13. Ne2 f6 {[#] LiveBook: 8 Games} 14. a4 $146 ({Predecessor:} 14. a3 a5 15. Nh2 Be6 16. Kh1 Rad8 17. b3 a4 18. bxa4 {½-½ (33) Naiditsch,A (2678)-Reinderman,D (2543) Beijing 2008}) 14... a5 15. Qe3 (15. g4 $14) 15... Ba6 16. b3 Rae8 17. Nd2 Nf4 18. Nc4 Qc7 19. Nxf4 exf4 20. Qf3 Bc8 21. Rfe1 Be6 22. Rad1 b5 23. Nb2 (23. Nd2 $11) 23... Rd8 24. Qe2 Qe5 25. d4 cxd4 26. Nd3 Qd6 27. e5 fxe5 28. Qxe5+ Rf6 (28... Qxe5 {keeps more tension.} 29. Rxe5 Bd7 30. Ra1 Bf5 31. axb5 cxb5 32. Rxb5 Rc8) 29. Nxf4 (29. axb5 {is interesting.} Qxe5 30. Rxe5 cxb5 31. Rxb5 Rd5 32. Rb7+) 29... Qxe5 30. Rxe5 Rxf4 31. Rxe6 bxa4 32. bxa4 $14 {[%mdl 4096] Endgame KRR-KRR} Rf6 33. Re7+ Rf7 34. Re5 Rf5 35. Re7+ Rf7 36. Rde1 c5 37. Kf1 Rb8 38. R1e5 c4 39. Rxf7+ Kxf7 40. Rxa5 $11 {KR-KR} Rb2 (40... Ke6 {is more complex.} 41. Rc5 Rb4 42. a5 Kd6 43. Rc8 Ra4) 41. Rd5 $1 Rxc2 {[#] ...d3 is the strong threat.} 42. Rxd4 Ke6 43. Ke1 c3 44. a5 Ra2 45. Rc4 Ra3 46. a6 h5 47. a7 Rxa7 48. Rxc3 Kf5 49. Ke2 Ra2+ 50. Kf3 Ra4 51. Rc5+ Kf6 52. Rc6+ Kf7 53. Ke3 Ra3+ 54. Kf4 {[#] Strongly threatening Kg5.} Kg7 55. Kg5 Ra5+ 56. Kh4 Ra2 57. Kg3 Ra3+ 58. f3 Ra2 59. h4 Rb2 60. Kh3 Rb3 61. Kh2 Ra3 62. Rc2 Rb3 63. Kg3 Ra3 64. Re2 Kf6 65. Kf4 Ra4+ 66. Re4 Ra2 67. g3 Ra5 68. Rc4 Rb5 69. Rc6+ Kf7 70. Rd6 Rf5+ 71. Ke4 Ra5 72. Rd5 Ra3 73. Kf4 Kf6 74. Rd6+ Kg7 75. Ke4 Kf7 76. Kf4 Kg7 $1 77. Kg5 (77. Re6 $14) 77... Ra5+ $1 78. Kf4 {Accuracy: White = 61%, Black = 72%.} 1/2-1/2

[Event "10th LCC FIDE Open 2018"]
[Site "London"]
[Date "2018.12.12"]
[Round "4"]
[White "Venkataramanan, T.S."]
[Black "Bates, Caspar J"]
[Result "1-0"]
[WhiteElo "2253"]
[BlackElo "2113"]
[Annotator "RC"]
[PlyCount "181"]
[EventDate "2018.12.09"]
[EventType "swiss"]
[EventCountry "ENG"]
[SourceTitle "playchess.com"]
[Source "ChessBase"]
[SourceQuality "1"]
[TimeControl "40/5400+30:1800+30"]

1. e4 {[%emt 0:00:00]} e5 {[%emt 0:00:00]} 2. Nf3 {[%emt 0:00:00]} Nc6 {[%emt 0:00:00]} 3. Bb5 {[%emt 0:00:01]} a6 {[%emt 0:00:00]} 4. Ba4 {[%emt 0:00:09]} Nf6 {[%emt 0:00:00]} 5. O-O {[%emt 0:00:12]} Be7 {[%emt 0:00:20]} 6. Re1 {[%emt 0:00:09]} b5 {[%emt 0:00:14]} 7. Bb3 {[%emt 0:00:09]} d6 {[%emt 0:00:07]} 8. c3 {[%emt 0:00:10]} O-O {[%emt 0:00:17]} 9. h3 {[%emt 0:00:07]} Na5 {[%emt 0:00:57]} 10. Bc2 {[%emt 0:00:25]} c5 {[%emt 0:00:11]} 11. d4 {[%emt 0:00:17]} Qc7 {[%emt 0:00:16]} 12. Nbd2 {[%emt 0:00:28]} cxd4 {[%emt 0:01:08]} 13. cxd4 {[%emt 0:00:15]} Bb7 {[%emt 0:01:34]} 14. d5 {[%emt 0:00:26]} Rac8 {[%emt 0:01:29]} 15. Bd3 {[%emt 0:01:28]} Nd7 {[%emt 0:00:47]} 16. Nf1 {[%emt 0:00:51]} f5 {[%emt 0:01:10]} 17. exf5 {[%emt 0:06:32]} Nc4 {[%emt 0:00:58]} 18. Ng3 {[%emt 0:11:55]} Nc5 {[%emt 0:29:50]} 19. Bb1 {[%emt 0:05:08]} Na4 {[%emt 0:02:51]} 20. b3 {[%emt 0:11:02]} Nc3 {[%emt 0:04:48]} 21. Qc2 {[%emt 0:02:05]} Nxd5 {[%emt 0:06:46]} 22. bxc4 {[%emt 0:01:05]} bxc4 {[%emt 0:00:16]} 23. a3 {[%emt 0:05:09]} Bf6 {[%emt 0:03:20]} 24. Ne4 {[%emt 0:01:12]} Ne7 {[%emt 0:01:20]} 25. Nxf6+ {[%emt 0:12:58]} gxf6 {[%emt 0:00:25]} 26. Qe2 {[%emt 0:06:18]} Rf7 {[%emt 0:01:31]} 27. Nh4 {[%emt 0:03:04]} d5 {[%emt 0:08:02]} 28. Bh6 {[%emt 0:02:46]} d4 {[%emt 0:03:28]} 29. Qg4+ {[%emt 0:02:33]} Kh8 {[%emt 0:00:17]} 30. Qh5 {[%emt 0:00:22]} Nd5 {[%emt 0:01:07]} 31. Re4 {[%emt 0:04:53]} Nf4 {[%emt 0:04:14]} 32. Bxf4 {[%emt 0:01:39]} Bxe4 {[%emt 0:01:19]} 33. Bxe4 {[%emt 0:00:10]} exf4 {[%emt 0:00:08]} 34. Bd5 {[%emt 0:01:20]} Rg7 {[%emt 0:00:56]} 35. Ng6+ {[%emt 0:01:42]} Rxg6 {[%emt 0:00:14]} 36. fxg6 {[%emt 0:00:22]} Qg7 {[%emt 0:00:36]} 37. gxh7 {[%emt 0:03:53]} Qxh7 {[%emt 0:02:14]} 38. Qxh7+ {[%emt 0:00:24]} Kxh7 {[%emt 0:00:02]} 39. Rc1 {[%emt 0:00:38]} c3 {[%emt 0:03:26]} 40. Be4+ {[%emt 0:00:11]} Kh6 {[%emt 0:00:26]} 41. Kf1 {[%emt 0:30:40]} f3 {[%emt 0:33:26]} 42. gxf3 {[%emt 0:00:55]} Kg5 {[%emt 0:00:16]} 43. Ke2 {[%emt 0:00:35]} f5 {[%emt 0:00:33]} 44. Bb7 {[%emt 0:01:49]} Rb8 {[%emt 0:00:40]} 45. Bxa6 {[%emt 0:07:20]} Rb2+ {[%emt 0:09:13]} 46. Kd3 {[%emt 0:00:18]} Rd2+ {[%emt 0:01:20]} 47. Kc4 {[%emt 0:00:08]} Kf4 {[%emt 0:00:51]} 48. Bb7 {[%emt 0:03:14]} c2 {[%emt 0:01:24]} 49. Bc6 {[%emt 0:00:52]} d3 {[%emt 0:00:18]} 50. Ba4 {[%emt 0:00:23]} Rxf2 {[%emt 0:04:15]} 51. Kxd3 {[%emt 0:00:33]} Rxf3+ {[%emt 0:00:15]} 52. Kxc2 {[%emt 0:02:24]} Rxa3 {[%emt 0:00:19]} 53. Bb3 {[%emt 0:01:33]} Ra6 {[%emt 0:00:00]} 54. Rf1+ {[%emt 0:00:00]} Kg3 {[%emt 0:00:00]} 55. Rxf5 {[%emt 0:00:00]} Kxh3 {[%emt 0:00:00]} 56. Bc4 {[%emt 0:00:00]} Kg4 {[%emt 0:00:00]} 57. Rf1 {[%emt 0:00:00]} Ra4 {[%emt 0:00:00]} 58. Kd3 {[%emt 0:00:00]} Ra3+ {[%emt 0:00:00]} 59. Ke4 {[%emt 0:00:00]} Kg3 {[%emt 0:00:00]} 60. Bd3 {[%emt 0:00:00]} Ra7 {[%emt 0:00:00]} 61. Ke3 {[%emt 0:00:00]} Ra3 {[%emt 0:00:00]} 62. Rg1+ {[%emt 0:00:00]} Kh4 {[%emt 0:00:00]} 63. Rg8 {[%emt 0:00:00]} Kh5 {[%emt 0:00:00]} 64. Rg1 {[%emt 0:00:00]} Kh6 {[%emt 0:00:00]} 65. Kd4 {[%emt 0:00:00]} Ra5 {[%emt 0:00:00]} 66. Be4 {[%emt 0:00:00]} Rg5 {[%emt 0:00:00]} 67. Rf1 {[%emt 0:00:00]} Kg7 {[%emt 0:00:00]} 68. Ke3 {[%emt 0:00:00]} Ra5 {[%emt 0:00:00]} 69. Kf4 {[%emt 0:00:00]} Kf6 {[%emt 0:00:00]} 70. Rh1 {[%emt 0:00:00]} Ke6 {[%emt 0:00:00]} 71. Rh6+ {[%emt 0:00:00]} Kd7 {[%emt 0:00:00]} 72. Ke3 {[%emt 0:00:00]} Ra1 {[%emt 0:00:00]} 73. Kd4 {[%emt 0:00:00]} Rc1 {[%emt 0:00:00]} 74. Bd5 {[%emt 0:00:00]} Re1 {[%emt 0:00:56]} 75. Kc5 {[%emt 0:00:00]} Ke7 {[%emt 0:00:14]} 76. Kd4 {[%emt 0:00:00]} Kd7 {[%emt 0:00:56]} 77. Rf6 {[%emt 0:00:00]} Re2 {[%emt 0:02:10]} 78. Kc5 {[%emt 0:00:00]} Rc2+ {[%emt 0:00:59]} 79. Bc4 {[%emt 0:00:00]} Rc1 {[%emt 0:00:58]} 80. Rf7+ {[%emt 0:00:00]} Ke8 {[%emt 0:00:25]} 81. Ra7 {[%emt 0:00:00]} Kf8 {[%emt 0:01:13]} 82. Kd5 {[%emt 0:00:00]} Rh1 {[%emt 0:02:38]} 83. Kd6 {[%emt 0:00:00]} Rh6+ {[%emt 0:01:37]} 84. Be6 {[%emt 0:00:00]} Rf6 {[%emt 0:01:04]} 85. Ke5 {[%emt 0:00:00]} Rf1 {[%emt 0:02:03]} 86. Bf5 {[%emt 0:00:00]} Ke8 {[%emt 0:00:15]} 87. Kf6 {[%emt 0:00:00]} Kd8 {[%emt 0:03:02]} 88. Rd7+ {[%emt 0:00:00]} Ke8 {[%emt 0:00:01]} 89. Rd2 {[%emt 0:00:00]} Rf4 {[%emt 0:01:24]} 90. Re2+ {[%emt 0:00:00]} Kd8 {[%emt 0:00:37]} 91. Rc2 {[%emt 0:00:00]} 1-0

[Event "10th LCC FIDE Open 2018"]
[Site "London"]
[Date "2018.12.12"]
[Round "4"]
[White "Ghukasyan, Siranush"]
[Black "Price, Gwilym"]
[Result "1/2-1/2"]
[WhiteElo "2245"]
[BlackElo "2075"]
[Annotator "NA"]
[PlyCount "75"]
[EventDate "2018.12.09"]
[EventType "swiss"]
[EventCountry "ENG"]
[SourceTitle "playchess.com"]
[Source "ChessBase"]
[SourceQuality "1"]
[TimeControl "40/5400+30:1800+30"]

1. e4 {[%emt 0:00:00]} c5 {[%emt 0:00:00]} 2. Nf3 {[%emt 0:00:00]} e6 {[%emt 0:00:00]} 3. d4 {[%emt 0:00:00]} cxd4 {[%emt 0:00:00]} 4. Nxd4 {[%emt 0:00:01]} Nf6 {[%emt 0:00:00]} 5. Nc3 {[%emt 0:00:08]} Nc6 {[%emt 0:00:00]} 6. Ndb5 {[%emt 0:00:18]} Bb4 {[%emt 0:00:09]} 7. a3 {[%emt 0:03:55]} Bxc3+ {[%emt 0:00:06]} 8. Nxc3 {[%emt 0:00:06]} d5 {[%emt 0:00:05]} 9. exd5 {[%emt 0:06:08]} exd5 {[%emt 0:00:06]} 10. Bd3 {[%emt 0:03:55]} d4 {[%emt 0:00:44]} 11. Ne2 {[%emt 0:05:46]} Bf5 {[%emt 0:00:42] LiveBook: 21 Games} 12. O-O {[%emt 0:03:02]} Bxd3 {[%emt 0:00:21] B45: Sicilian Four Knights} 13. Qxd3 {[%emt 0:00:01]} Qd5 {[%emt 0:04:34]} (13... O-O 14. Bg5 h6 15. Bh4 g5 16. Bg3 Qd5 17. b4 b5 18. c3 dxc3 19. Qxc3 Ne4 20. Qc2 Rac8 21. Rfd1 Qf5 22. Qb2 {½-½ (65) Akopian,V (2682)-Ter Sahakyan,S (2572) Yerevan 2014}) 14. Nf4 {[%emt 0:03:12]} Qe5 {[%emt 0:00:16]} 15. Qb3 {[%emt 0:00:44]} Qe7 $146 {[%emt 0:05:12]} ({Predecessor:} 15... O-O 16. Qxb7 Rfc8 17. Bd2 Qc5 18. Qb3 Ne5 19. Rac1 Rab8 20. Qa4 {1-0 (42) Gufeld,E-Bukhman,E Tallinn (Estland) 1965}) 16. Nd3 {[%emt 0:04:25]} O-O {[%emt 0:01:37]} 17. Bg5 {[%emt 0:00:23]} b6 {[%emt 0:05:28]} 18. Nb4 {[%emt 0:05:14]} Nxb4 {[%emt 0:07:23]} 19. axb4 {[%emt 0:00:14]} Qe5 {[%emt 0:00:23]} 20. Bxf6 {[%emt 0:00:31]} Qxf6 {[%emt 0:00:54]} 21. b5 {[%emt 0:00:11]} Qe5 {[%emt 0:01:28]} 22. Rfe1 {[%emt 0:01:03]} Qc5 {[%emt 0:00:25]} 23. Ra4 {[%emt 0:01:31]} Rfe8 {[%emt 0:04:31]} 24. Rxe8+ {[%emt 0:02:58]} Rxe8 {[%emt 0:00:19]} 25. h3 {[%emt 0:03:43]} Re1+ {[%emt 0:04:45]} 26. Kh2 {[%emt 0:00:01]} Qe5+ {[%emt 0:00:15]} 27. Qg3 {[%emt 0:00:08]} Qxb5 {[%emt 0:01:40]} 28. Rxa7 {[%emt 0:00:20]} g6 {[%emt 0:05:33]} 29. Qf4 {[%emt 0:05:06]} Qd5 {[%emt 0:02:48]} 30. Qb8+ {[%emt 0:10:13]} Kg7 {[%emt 0:00:12]} 31. Ra8 {[%emt 0:00:58]} Qe5+ {[%emt 0:02:35]} 32. Qxe5+ {[%emt 0:00:29]} Rxe5 {[%emt 0:00:04]} 33. Rd8 {[%emt 0:00:16]} Rc5 {[%emt 0:01:08]} 34. Rxd4 {[%emt 0:00:11]} Rxc2 {[%emt 0:00:06]} 35. Rb4 {[%emt 0:00:02]} Rc6 {[%emt 0:00:27]} 36. Kg3 {[%emt 0:00:17]} Kf6 $11 {[%emt 0:00:31]} 37. Rb5 {[%emt 0:00:30]} Rd6 {[%emt 0:01:18]} 38. Kf3 {[%emt 0:00:43]} 1/2-1/2

[Event "10th LCC FIDE Open 2018"]
[Site "London"]
[Date "2018.12.12"]
[Round "4"]
[White "Roe, Simon J"]
[Black "Prior, Stephen C V"]
[Result "1-0"]
[WhiteElo "2223"]
[BlackElo "2065"]
[Annotator "TA"]
[PlyCount "91"]
[EventDate "2018.12.09"]
[EventType "swiss"]
[EventCountry "ENG"]
[SourceTitle "playchess.com"]
[Source "ChessBase"]
[SourceQuality "1"]

{[%evp 18,91,35,25,92,83,106,98,98,80,93,78,73,21,64,64,71,64,74,68,72,49,164,175,240,245,230,238,237,238,285,291,275,272,445,442,441,435,375,144,66,81,1263,1262,1244,1240,1034,1011,925,652,647,623,29989,29990,29990,29991,29991,29984,29985,29983,29983,29984,29985,29985,29985,29986,29986,29987,29987,29988,29988,29989,29992,29993,29993,29994]} 1. Nf3 b6 2. g3 Bb7 3. Bg2 Nf6 4. O-O e6 5. c4 c5 6. Nc3 Be7 7. d4 cxd4 8. Qxd4 d6 9. Bg5 a6 10. Bxf6 {LiveBook: 487 Games. A30: Symmetrical English: Double Fianchetto and Hedgehog} (10. Rfd1 Nbd7 11. Qd2 O-O 12. Bf4 Ne8 13. Rac1 h6 14. b3 Qc7 15. g4 Ndf6 16. h3 Ne4 17. Nxe4 Bxe4 18. Ne1 Bxg2 19. Nxg2 Qc6 20. f3 Nf6 21. e4 {0-1 (50) Rodshtein,M (2673)-Ivanchuk,V (2726) Baku 2015}) 10... gxf6 (10... Bxf6 $11 {keeps the balance.} 11. Qd3 Nd7) 11. Rfd1 $16 Nc6 12. Qd2 {White is better.} Qc7 $146 ({Predecessor:} 12... Na5 13. b3 h5 14. Rac1 Bc6 15. e4 Ra7 16. h4 Qb8 17. Nd4 Ba8 {1-0 (32) Vadasz,L (2275)-Schwalen,P (2192) Budapest 1999}) 13. Rac1 Ne5 14. Nxe5 (14. Qh6 {with more complications.} Ng6 15. h4 Rb8 16. h5 Bf8 17. Qe3) 14... fxe5 15. e4 (15. Bxb7 $16 Qxb7 16. Qh6) 15... h5 16. h4 $1 f6 17. b4 Kf7 18. Qe2 Rac8 19. Na4 f5 {[#]} ({Better is} 19... Bc6 $14 20. Nb2 Be8) 20. c5 $1 $18 {[%mdl 512]} dxc5 (20... bxc5 $142 21. bxc5 dxc5) 21. bxc5 ({Stronger than} 21. exf5 Bxg2 22. Kxg2 Qc6+ 23. Kg1 (23. Qf3 exf5 24. Qxc6 Rxc6 $15) 23... Qxa4 $17) 21... bxc5 22. exf5 Bxg2 23. fxe6+ Kf6 {And now ...Bb7 would win.} 24. Kxg2 Qc6+ 25. Kh2 Qxa4 $2 (25... Qxe6 {might work better.} 26. Qe3 Kg7 27. Nxc5 Bxc5 28. Rxc5 Rxc5 29. Qxc5 Rf8) 26. Rd5 e4 27. Rc4 Qc6 28. Qb2+ $2 $40 {[%mdl 128] Black is in trouble.} (28. Qxe4 $18 {is the precise move to win. White wants to mate with Qf5+.} Qxe6 29. Qf4+ Kg7 {[#]} 30. Re4 $1 {[%mdl 512]} Qxd5 31. Rxe7+ Kg6 32. Re5 Qxe5 33. Qxe5) 28... Kg6 $16 29. Qe5 {Qf5+ would kill now.} Rcf8 $2 {[%mdl 8192]} (29... Qe8 $16) 30. Qxe4+ $18 Kg7 {[#]} 31. Rg5+ $1 {[%mdl 576] Discovered Attack} Bxg5 32. Qxc6 Rxf2+ 33. Kh3 Be7 34. Rxc5 Rd8 35. Rxh5 {White mates.} Rdd2 36. Qc3+ Kg6 37. Ra5 Bf6 38. h5+ Kg7 39. Qc7+ Kh6 40. e7 Rh2+ 41. Kg4 Rd4+ 42. Kf3 Rd3+ 43. Ke4 Rd4+ 44. Ke3 Rdd2 45. Qf4+ {[%mdl 64] Double Attack} Kg7 46. e8=N+ {[%mdl 64] Double Attack. Accuracy: White = 64%, Black = 45%.} 1-0

[Event "10th LCC FIDE Open 2018"]
[Site "London"]
[Date "2018.12.12"]
[Round "4"]
[White "Marzano, Carlo"]
[Black "Penna, Tommaso"]
[Result "1/2-1/2"]
[WhiteElo "2222"]
[BlackElo "1963"]
[Annotator "NA"]
[PlyCount "53"]
[EventDate "2018.12.09"]
[EventType "swiss"]
[EventCountry "ENG"]
[SourceTitle "playchess.com"]
[Source "ChessBase"]
[SourceQuality "1"]
[TimeControl "40/5400+30:1800+30"]

1. d4 {[%emt 0:00:00]} Nf6 {[%emt 0:05:51]} 2. c4 {[%emt 0:00:00]} g6 {[%emt 0:00:08]} 3. Nc3 {[%emt 0:00:05]} Bg7 {[%emt 0:00:08]} 4. e4 {[%emt 0:00:13]} d6 {[%emt 0:00:06]} 5. Be2 {[%emt 0:00:21]} O-O {[%emt 0:00:08]} 6. Nf3 {[%emt 0:00:17]} e5 {[%emt 0:00:10]} 7. d5 {[%emt 0:00:29]} a5 {[%emt 0:00:07]} 8. Bg5 {[%emt 0:00:12]} h6 {[%emt 0:00:06]} 9. Bh4 {[%emt 0:00:06]} Na6 {[%emt 0:00:10]} 10. Nd2 {[%emt 0:00:24]} Qe8 {[%emt 0:00:11]} 11. a3 {[%emt 0:00:20]} Bd7 {[%emt 0:00:08]} 12. b3 {[%emt 0:00:15]} Nh7 {[%emt 0:00:22]} 13. O-O {[%emt 0:00:25]} f5 {[%emt 0:08:20]} 14. f3 {[%emt 0:00:18] E92: King's Indian: Classical: 6 Be2 e5: 7 dxe5, 7 Be3 and Petrosian System without 7...Nbd7} f4 {[%emt 0:01:46]} 15. Rb1 {[%emt 0:00:28]} g5 {[%emt 0:00:33]} 16. Bf2 {[%emt 0:00:08]} h5 {[%emt 0:00:07]} 17. b4 {[%emt 0:00:44]} axb4 {[%emt 0:00:10]} 18. axb4 {[%emt 0:00:02]} b6 {[%emt 0:00:09] LiveBook: 3 Games} (18... Qg6 19. c5 g4 20. c6 bxc6 21. dxc6 Be6 22. b5 {1-0 (34) Nakamura,H (2778)-Bacrot,E (2713) Biel 2012}) 19. c5 {[%emt 0:10:42]} bxc5 {[%emt 0:00:05]} 20. bxc5 {[%emt 0:01:48]} Nxc5 {[%emt 0:00:40]} 21. Bxc5 {[%emt 0:00:11]} dxc5 {[%emt 0:00:04]} 22. Bb5 $146 {[%emt 0:07:23]} g4 {[%emt 0:21:29]} 23. Nc4 {[%emt 0:02:57]} Ng5 {[%emt 0:03:07]} 24. Bxd7 {[%emt 0:12:32]} Qxd7 {[%emt 0:00:07]} 25. Rb7 {[%emt 0:08:57]} Rab8 {[%emt 0:13:23]} 26. Qb3 {[%emt 0:00:28]} (26. Rxb8 $15 Rxb8 27. Qe2) 26... Qc8 {[%emt 0:01:18]} (26... Rxb7 $17 27. Qxb7 gxf3 28. gxf3 Qh3) 27. Rxb8 $15 {[%emt 0:24:09]} 1/2-1/2